| 000 | 00378nam a2200133 a 4500 | ||
|---|---|---|---|
| 001 | 000036849 | ||
| 005 | 20200930075956.0 | ||
| 008 | 120202s19uu sp 000 0 spa d | ||
| 040 |
_aDO-SdBNP _bspa _cBNPHU |
||
| 082 |
_axxx _bxxx |
||
| 245 | 0 | 0 | _aProceso de beatificación de Fray Martín de Porres. |
| 260 |
_aPalencia, España : _bCalatrava, _cs. f. |
||
| 300 |
_a405 p. ; _c23 cm. |
||
| 999 |
_c36340 _d36340 |
||